Studi sulla integrazione europea

Detalles Bibliográficos
Otros Autores: Triggiani, Ennio (ed.), Villani, Ugo (ed.)
Formato: Desconocido
Lenguaje:italiano
Publicado: [Italia] : Cacucci Editore
Materias:
Acceso en línea:Acceso restringido

MARC

LEADER 00000ny a22000003n 4500
005 20110517142932.0
008 101118c20069999it qr pss 0 a0ita d
022 |a 1970-0903 
035 |a 4667 
040 |a BUS  |d vLex 
090 |c 2044  |d 2044 
245 0 0 |a Studi sulla integrazione europea  |h [Recurso electrn̤ico] 
256 |a Servicio en ln̕ea 
260 |a [Italia] :  |b Cacucci Editore 
310 |a Cuatrimestral 
650 0 4 |a Relaciones internacionales  |x Publicaciones perid̤icas 
700 1 |a Triggiani, Ennio,  |e ed. 
700 1 |a Villani, Ugo,  |e ed. 
740 0 |a vLex Revista (Servicios en ln̕ea) 
853 |8 1  |i (year)  |j (month)  |k (day) 
856 4 0 |u http://vlex.com/source/4667  |z Acceso restringido 
942 |c REV